| 000 | 00528nam a22001457a 4500 | ||
|---|---|---|---|
| 082 | _a621 | ||
| 100 |
_aWaqas, Muhammad _94770 |
||
| 245 |
_aSynthesis and Tribological Analysis of CuO and TiO2 Nanoparticles based Bio-lubricants / _cMuhammad Waqas |
||
| 264 |
_aIslamabad : _bSMME- NUST; _c2022. |
||
| 300 |
_a70p. _bSoft Copy _c30cm |
||
| 650 |
_aMS Mechanical Engineering _9119495 |
||
| 700 |
_aSupervisor : Dr. Rehan Zahid _9122313 |
||
| 856 | _uhttp://10.250.8.41:8080/xmlui/handle/123456789/30597 | ||
| 942 |
_2ddc _cTHE |
||
| 999 |
_c608978 _d608978 |
||